Responses for Show #4021 - Monday, February 11, 2002

2002 Teen Tournament semifinal game 1.

Contestants

[<< previous game]

Lindsey Bartlett, a junior from Winter Haven, Florida

Evan Stewart, a sophomore from Frankfort, Kentucky

Bernard Holloway, a junior from Mitchellville, Maryland

[next game >>]

Jeopardy! Round responses

MEDIEVAL TIMES
WHEN THEY WERE TEENAGERS
CANADIAN PROVINCES
EAT YOUR VEGGIES
SERMONIZING
FAMILIAR PHRASES
    $200 1
the Grail

Bernard
    $200 11
(Evan: Who is Latisha?)

Janet Jackson

EvanLindsey
    $200 4
Ontario

Bernard
    $200 18
pimentos

Lindsey
    $200 16
Exodus

Evan
    $200 21
injury

Bernard
    $400 2
catapult

Bernard
    $400 12
Rosie O'Donnell

Evan
    $400 5
British Columbia

Evan
    $400 19
potatoes

Lindsey
    $400 17
(Evan: What is Canaan?)

the desert

Evan
Triple Stumper
    $400 22
apple pie

Evan
    $600 3
a mace

Evan
    $600 13
Kelsey Grammer

Lindsey
    $600 6
Saskatchewan

Bernard
    $600 20
squash

Evan
    $600 28
reaps

Evan
    $600 23
the curtain

Lindsey
    $800 9
jousting

Evan
    $800 14
basketball

Evan
    $800 7
Manitoba

Bernard
    $800 25
rhubarbs

Lindsey
    $800 29
Ruth

Triple Stumper
    $800 24
split hairs

Triple Stumper
    $1000 10
Gutenberg

Evan
    $1000 15
Tom Brokaw

Bernard
    $1,800 8
Nova Scotia

Bernard
    $1000 26
an artichoke

Lindsey
    $1000 30
St. Paul

Triple Stumper
    $1000 27
(Bernard: What is walking?)

trying to find a job

BernardEvan

Scores at the first commercial break (after clue 15):

Bernard Evan Lindsey
$5,000 $3,800 $800

Scores at the end of the Jeopardy! Round:

Bernard Evan Lindsey
$4,200 $6,200 $3,800

Double Jeopardy! Round responses

AFRICAN-AMERICAN FIRSTS
CLIFFS NOTES
(Alex: You have to name the work of literature.)
KNOW YOUR CONGRESS
TV REUNION MOVIE PLOTS
WORLD CAPITALS
DOESN'T RHYME WITH DIRT
    $400 4
Tiger Woods

Bernard
    $400 21
(Evan: Who is The Mysterious Case of Dr. Jeckyll and Mr. Hyde?)

Dracula

Evan
Triple Stumper
    $400 12
Hawaii

Bernard
    $400 1
Friends

Evan
    $400 2
Mexico City

Evan
    $400 22
(Evan: Short.)
(Bernard: What is a skirt?)

a dress

BernardEvan
Triple Stumper
    $800 5
the Joint Chiefs of Staff

Bernard
    $800 27
Gulliver's Travels

Lindsey
    $800 13
Hillary Clinton

Lindsey
    $800 17
Barney

Lindsey
    $800 3
Prague

Bernard
    $800 23
Fresca

Triple Stumper
    $1200 6
Mississippi

Bernard
    $1200 28
The Three Musketeers

Lindsey
    $1200 14
Daschle

Evan
    $1200 18
3rd Rock from the Sun

Bernard
    $1,400 8
Cairo

Evan
    $1200 24
(Queen) Victoria

Bernard
    $1600 7
(Bernard: Who is Richard Wright?)

(Ralph) Ellison

BernardEvan
    $3,000 29
Don Quixote

Lindsey
    $1600 15
John McCain

Bernard
    $1600 19
Baywatch

Lindsey
    $1600 9
Tunis

Bernard
    $1600 25
(Bernard: What is an advisor?)
...
(Alex: We have a minute to go now, Bernard.)

sage

Bernard
Triple Stumper
    $2000 10
David Dinkins

Bernard
    $2000 30
Billy Budd

Triple Stumper
    $2000 16
(Lindsey: Who was Dick Gephardt?)

Dennis Hastert

EvanLindsey
    $2000 20
Boy Meets World

Bernard
    $2000 11
Mongolia

Evan
    $2000 26
(Evan: Who is Calvert?)

Lord Baltimore

BernardEvan

Scores at the end of the Double Jeopardy! Round:

Bernard Evan Lindsey
$15,800 $12,400 $10,000

[wagering suggestions for these scores]

Final Jeopardy! Round responses

LIFE SCIENCE
LindseyWhat are chromosomes?
$9,999
EvanWhat are cells?
$7,601
BernardWhat are chromosomes?
$9,001
chromosomes

Final scores:

Bernard Evan Lindsey
$24,801 $4,799 $19,999
Finalist 3rd place: $5,000 2nd place: $5,000

Game dynamics:

Coryat scores:

Bernard Evan Lindsey
$15,000 $12,200 $8,600
20 R
(including 1 DD),
4 W
18 R
(including 1 DD),
5 W
13 R
(including 1 DD),
1 W

Combined Coryat: $35,800

[game clues] [game scores] [suggest correction]

Game tape date: 2001-12-18
The J! Archive is created by fans, for fans. Scraping, republication, monetization, and malicious use prohibited; this site may use cookies and collect identifying information. See terms. The Jeopardy! game show and all elements thereof, including but not limited to copyright and trademark thereto, are the property of Jeopardy Productions, Inc. and are protected under law. This website is not affiliated with, sponsored by, or operated by Jeopardy Productions, Inc. Join the discussion at JBoard.tv.